BUS STATIONS LINE 422 gustavsberg - Statistics

General Stats
  • This quiz has been taken 8 times
  • The average score is 6 of 10
Answers on the Grid
Answers color-coded by a green-red scale on the quiz's grid according to % correct below.
insjön
ektorps centrum
khils gård
nacka trafikplats
nacka forum
londonviadukten
petterboden
sofia
segtorps skolan
eksjö
bombastation
skuru stugan
lillängen
storängen
jättestor ängen
langnövägen
höjdhagen
björnstigen
karlsbonde
malibu
costa brava
east villige
kantorns sons hus
landets station
 
Answer Stats
Answer % Correct
insjön
100%
ektorps centrum
75%
lillängen
75%
nacka forum
75%
höjdhagen
50%
khils gård
50%
langnövägen
50%
londonviadukten
50%
skuru stugan
50%
storängen
50%
No matching quizzes found
Score Distribution
Percent of People with Each Score
Percentile by Number Answered
Your Score History
You have not taken this quiz